| 000 | 00437nam a2200181Ia 4500 | ||
|---|---|---|---|
| 001 | 18963 | ||
| 005 | 20260306171709.0 | ||
| 008 | 260306s9999||||xx |||||||||||||| ||und|| | ||
| 041 | _aESP | ||
| 082 |
_a658.562 _bJ89 |
||
| 100 |
_aJungbluth Voysest, Carlos _eAUT |
||
| 245 | 0 | _aLa calidad total en la empresa peruana | |
| 260 | _c1998 | ||
| 300 |
_a206 páginas : _c |
||
| 650 | _aGEN | ||
| 654 | _aCAN | ||
| 942 |
_cLIB _dJUS _fJUS _2ddc _n |
||
| 999 |
_c18963 _d18963 |
||